000 00343pab a2200145 454500
008 180718b2000 xxu||||| |||| 00| 0 eng d
100 _aLaabs, Jennifer
245 _aStrategic HR won't come easily
260 _c2000
300 _ap.52-56
362 _aJan
650 _aHuman resources development
773 _aWorkforce
909 _a43891
999 _c43891
_d43891